000 00798nam a2200277Ia 4500
001 Para_7474
003 CHAP
008 220125s1999 xx 000 0 und d
010 _a206362
040 _cCHAP
082 _aPA 632.4 L4
100 _aLeyva Mir, Gerardo
_9172661
245 _aEnfermedades fungosas de algunos cultivos agrícolas /
_c por Gerardo Leyva Mir
300 _a115 p.
650 _aCultivos
_x enfermedades por hongos
_930265
650 _aFitopatología
_941161
650 _aHongos fitopatógenos
_956132
710 _aUACh. Departamento Parasitología Agrícola
_9164025
901 _aPA 632.4 L4
902 _aA
905 _a0000001999 0000000000 00
910 _a1999
942 _cPARA
942 _cPARA
_d1
999 _c206362
_d206362